000 00491nam a2200169Ia 4500
003 GCL
008 140319s9999 xx 000 0 ara d
040 _aGCL /
_cGCL
082 0 4 _a928.1
_bف ج
100 1 _aفوزى عطوى
245 1 0 _aالجاحظ دائرة معرف عصره /
_cفوزى عطوى
260 _a[S.N] :
_bدار الفكر العربى ،
_c1989
300 _a110
490 _aاعلام الفكر العربى
_v0
650 0 4 _aالشعراء
942 _2ddc
_cBK
999 _c54682
_d54682